000 01436cam a22002891i 4500
003 SA-RiAUC
005 20250803081249.0
008 250726s2015 su f 00010 ara c
020 _a9786039053262
040 _aSA-MaUQU
_bara
_cSA-RiAUC
_erda
043 _aa-su---
082 0 4 _a711.40953122
_qSA-RiAUC
090 _a711.40953122
_bي ز ي
100 1 _aاليزيدي، مها سعيد سعد
_eمؤلف.
245 1 0 _aعمران المدينة المنورة وخططها في النصف الثاني من القرن الثالث عشر الهجري-التاسع عشر ميلادي :
_bدراسة حضارية /
_cمها سعيد سعد اليزيدي ؛ مراجعة سالم بن عبد الله الخلف.
250 _aالطبعة الأولى.
264 1 _aالمدينة المنورة :
_bكرسي الملك سلمان بن عبد العزيز لدراسات تاريخ المدينة المنورة،
_c2015.
300 _a426 صفحة ؛
_c24 سم
336 _aنص
_btxt
_2rdacontent
_3كتاب
337 _aبدون وسيط
_bn
_2rdamedia
338 _aمجلد
_bnc
_2rdacarrier
500 _aاهداء من عدنان الشريف
650 7 _aتخطيط المدن
_zالمدينة المنورة
_xتاريخ
_yقرن 13 هجري
_2aucsh
700 1 _aالخلف، سالم بن عبد الله،
_d1380 هجري-
_eمراجع.
942 _2ddc
_cBOOK
_n0
949 _aSA-JeALM
_d250726
_umohamedma123
_n1
999 _c10506
_d10506